Jealousy, (Record no. 23262)

MARC details
000 -LEADER
fixed length control field 00777cam a22002411 4500
001 - CONTROL NUMBER
control field 9282773
005 - DATE AND TIME OF LATEST TRANSACTION
control field 20050613193734.0
008 - FIXED-LENGTH DATA ELEMENTS--GENERAL INFORMATION
fixed length control field 821029s1947 nyu 000 0 eng
010 ## - LIBRARY OF CONGRESS CONTROL NUMBER
LC control number med47000630
035 ## - SYSTEM CONTROL NUMBER
System control number (OCoLC)16761909
040 ## - CATALOGING SOURCE
Original cataloging agency DLC
Transcribing agency OrPS
Modifying agency DLC
042 ## - AUTHENTICATION CODE
Authentication code premarc
050 00 - LIBRARY OF CONGRESS CALL NUMBER
Classification number RC602
Item number .S65 1947
082 ## - DEWEY DECIMAL CLASSIFICATION NUMBER
Classification number 157.3
100 1# - MAIN ENTRY--PERSONAL NAME
Personal name Sokoloff, Boris,
Dates associated with a name 1893-
245 00 - TITLE STATEMENT
Title Jealousy,
Remainder of title a psychiatric study .../
Statement of responsibility, etc Boris Sokoloff
260 ## - PUBLICATION, DISTRIBUTION, ETC. (IMPRINT)
Place of publication, distribution, etc New York,
Name of publisher, distributor, etc Howell, Soskin,
Date of publication, distribution, etc [1947]
300 ## - PHYSICAL DESCRIPTION
Extent 262, [1] p.
Dimensions 21 cm.
650 #0 - SUBJECT ADDED ENTRY--TOPICAL TERM
Topical term or geographic name as entry element Jealousy.
906 ## - LOCAL DATA ELEMENT F, LDF (RLIN)
a 7
b cbc
c oclcrpl
d u
e ncip
f 19
g y-gencatlg
942 ## - ADDED ENTRY ELEMENTS (KOHA)
Source of classification or shelving scheme Library of Congress Classification
Item type Book
Holdings
Withdrawn status Lost status Source of classification or shelving scheme Damaged status Not for loan Collection code Home library Current library Shelving location Date acquired Total Checkouts Full call number Barcode Date last seen Date last borrowed Copy number Price effective from Koha item type
    Library of Congress Classification     Non-fiction Bishop Okullu Memorial Library (Limuru Campus) Bishop Okullu Memorial Library (Limuru Campus) General Circulation 05/11/2010 1 RC602 .S65 1947 023311 12/02/2024 30/01/2024 1 05/11/2010 Book